| 000 | 01028nam a22002537a 4500 | ||
|---|---|---|---|
| 999 |
_c64802 _d64802 |
||
| 003 | OSt | ||
| 005 | 20240530110752.0 | ||
| 008 | 180926s2017 ua af g b 000 0 ara d | ||
| 017 |
_bمصر. دار الكتب _a2016/19611 |
||
| 020 | _a9789777960861 | ||
| 040 |
_aEG-CaGPL _cEG-CaGPL |
||
| 082 | 0 | 4 |
_221 _a341.523/ _bا ح |
| 100 | 0 | _aالهادى سالم محمد عمر | |
| 245 | 1 | 2 |
_aالحماية الدولية للمبعوثين الدبلوماسيين ابان النزاعات المسلحة الدولية / _cالهادى سالم محمد عمر |
| 250 | _aط. 1 | ||
| 260 |
_aالقاهرة : _bمركز الدراسات العربية للنشر والتوزيع ، _c2018 . |
||
| 300 |
_a549 ص. : _bايض ؛ _c24 سم. |
||
| 504 | _aيشتمل على ارجاعات ببليوجرافية | ||
| 650 | 0 | 7 |
_aالجريمة الدولية _2qrmak |
| 650 | 0 | 7 |
_aالمبعوثون الدبلوماسيون _2qrmak |
| 651 | _2qrmak | ||
| 942 |
_2ddc _cBK |
||